Catálogo

CONTABILIDAD LA BASE PARA LAS DESICIONES GERENCIALES (Registro nro. 28312)

Detalles MARC
000 -LEADER
fixed length control field 00450nam a2200169 a 4500
001 - CONTROL NUMBER
control field 28312
005 - DATE AND TIME OF LATEST TRANSACTION
control field 20180713231154.0
008 - FIXED-LENGTH DATA ELEMENTS--GENERAL INFORMATION
fixed length control field 140415s1998 mx 000 0 spa d
020 ## - INTERNATIONAL STANDARD BOOK NUMBER
International Standard Book Number 9806168607
041 ## - LANGUAGE CODE
Language code of text/sound track or separate title spa
082 ## - DEWEY DECIMAL CLASSIFICATION NUMBER
Classification number 657
Item number CAT
100 1# - MAIN ENTRY--PERSONAL NAME
Personal name CATACORA, FERNANDO
245 10 - TITLE STATEMENT
Title CONTABILIDAD LA BASE PARA LAS DESICIONES GERENCIALES
250 ## - EDITION STATEMENT
Edition statement 1a ed.
260 ## - PUBLICATION, DISTRIBUTION, ETC.
Place of publication, distribution, etc. MEXICO :
Name of publisher, distributor, etc. MC GRAW HILL,
Date of publication, distribution, etc. 1998
650 14 - SUBJECT ADDED ENTRY--TOPICAL TERM
Topical term or geographic name entry element CONTABILIDAD
Existencias
Withdrawn status Lost status Source of classification or shelving scheme Damaged status Not for loan Collection code Home library Current library Shelving location Date acquired Source of acquisition Total Checkouts Full call number Barcode Date last seen Price effective from Koha item type
    Dewey Decimal Classification     General Tehuacán Tehuacán Sala general 03/12/2013 Compra   657 CAT 501860 08/01/2025 03/12/2013 Libro